01331nam a2200241 i 4500001001900000003000600019005001700025008004100042015001900083016001800102020003700120035002100157035002600178035001800204040003800222100007700260245004200337264003600379300002300415520059000438650002301028650003801051990228469370107026UkOxU20250515080125.0210820t20222021enk 000|1|eng|d aGBC2015702bnb7 a0204426772Uk a9780571364909qpaperbackcĐ8.99 a(UkOxU)022846937 a(UkOxU)022846937BIB01 a(Uk)020442677 aStDuBDSbengerdacStDuBDSdUkOxU aIshiguro, Kazuo,d1954-eauthor.1https://isni.org/isni/000000011081269210aKlara and the sun c/ Kazuo Ishiguro. 1aLondon :bFaber & Faber,c2022. a340 pages ;c20 cm aFrom her place in the store, Klara, an Artificial Friend with outstanding observational qualities, watches carefully the behaviour of those who come in to browse, and of those who pass in the street outside. She remains hopeful a customer will soon choose her, but when the possibility emerges that her circumstances may change for ever, Klara is warned not to invest too much in the promises of humans. In Klara and The Sun, Kazuo Ishiguro looks at our rapidly changing world through the eyes of an unforgettable narrator to explore a fundamental question: what does it mean to love? 0aDystopiasvFiction 0aArtificial IntelligencevFiction.